Szczegóły MARC21

Literatura krajowa w okresie romantyzmu 1831-1863. T. 1 /

003 -Nazwa inst., której nr kontr. jest w polu 001 [,]
    • @
    • Nazwa instytucji, której n kontrolny jest w polu 001
    • NUKAT
005 -DATA I CZAS OSTATNIEJ MODYFIKACJI [,]
    • @
    • pole kontrolne
    • 20241231093831.0
040 -Instytucja sporządzająca opis [ , ]
    • a
    • Instytucja, która sporządziła opis (NP)
    • OLSZT 003/bak
    • c
    • Instytucja, która sporządziła rekord (NP)
    • OLSZT 003/bak
    • d
    • Instytucja, która zmodyfikowała rekord (P)
    • OLSZT 003/bak
    • d
    • Instytucja, która zmodyfikowała rekord (P)
    • WR O/KSs
    • d
    • Instytucja, która zmodyfikowała rekord (P)
    • WA U/KZB
942 -Rodzaj dokumentu [ , ]
    • c
    • Rodzaj dokumentu
    • Książka
245 -Strefa tytułu i oznaczenia odpowiedzialności [0,0]
    • a
    • Tytuł
    • Literatura krajowa w okresie romantyzmu 1831-1863. Find
    • n
    • Oznaczenie części (P)
    • T. 1 /
    • c
    • Pozostałe elementy strefy tytułu i oznaczenia odpowiedzialności (NP)
    • zesp. red. Maria Janion, Bogdan Zakrzewski, Maria Dernałowicz.
260 -Strefa adresu wydawniczego [ , ]
    • a
    • Miejsce wydania (P)
    • Kraków :
    • b
    • Nazwa wydawcy (P)
    • Wydawnictwo Literackie,
    • c
    • Data wydania (P)
    • 1975.
300 -Strefa opisu fizycznego [ , ]
    • a
    • Określenie formy książki i/lub objętość (NP)
    • 917 s., [124] s. tabl. :
    • b
    • Oznaczenie ilustracji (NP)
    • il. ;
    • c
    • Format (NP)
    • 25 cm.
336 -Typ zawartości [ , ]
    • a
    • Termin opisujący typ zawartości
    • Tekst
    • b
    • Kod określający zawartość
    • txt
    • 2
    • Źródło (terminu i kodu)
    • rdacontent
337 -Typ mediów [ , ]
    • a
    • Tryb odtwarzania
    • Bez urządzenia pośredniczącego
    • b
    • Kod typu mediów
    • n
    • 2
    • Źródło (terminu i kodu)
    • rdamedia
338 -Typ/rodzaj nośnika [ , ]
    • a
    • Hasło opisujące typ nośnika
    • Wolumin
    • b
    • Kod typu nośnika
    • nc
    • 2
    • Źródło (terminu i kodu)
    • rdacarrier
490 -Strefa serii i książki wielotomowej - forma nie do wyszukiwania [1, ]
    • a
    • Tytuł (P)
    • Obraz literatury polskiej XIX i XX wieku / red. nacz. Kazimierz Wyka, Henryk Markiewicz, Irena Wyczańska ; Instytut Badań Literackich Polskiej Akademii Nauk. Seria 3 Find
830 -Hasło dodatkowe serii i opisu książki wielotomowej - tytuł ujednolicony/tytuł [ ,0]
    • a
    • Tytuł ujednolicony/tytuł (NP)
    • Obraz literatury polskiej XIX i XX wieku.
    • n
    • Oznaczenie części/podserii/sekcji (P)
    • Seria 3
500 -Uwaga ogólna [ , ]
    • a
    • Uwaga ogólna (NP)
    • Zawiera także wybór utworów poszczególnych pisarzy.
504 -Uwaga dot. bibliogr. załącznikowej [ , ]
    • a
    • Uwaga dot. bibliografii załącznikowej
    • Bibliogr. przy rozdz.
650 -Hasło przedmiotowe [ ,7]
    • a
    • Hasło przedmiotowe
    • Literatura polska
    • y
    • Określnik chronologiczny
    • 19 w.
    • x
    • Określnik rzeczowy
    • historia i krytyka.
    • 2
    • Źródło terminu
    • kaba
    • 9
    • KHW
    • 349426
650 -Hasło przedmiotowe [ ,7]
    • a
    • Hasło przedmiotowe
    • Literatura polska
    • y
    • Określnik chronologiczny
    • 19 w.
    • x
    • Określnik rzeczowy
    • tematy, motywy.
    • 2
    • Źródło terminu
    • kaba
    • 9
    • KHW
    • 350774
650 -Hasło przedmiotowe [ ,7]
    • a
    • Hasło przedmiotowe
    • Romantyzm (prąd literacki)
    • z
    • Określnik geograficzny
    • Polska.
    • 2
    • Źródło terminu
    • kaba
    • 9
    • KHW
    • 128077
650 -Hasło przedmiotowe [ ,7]
    • a
    • Hasło przedmiotowe
    • Romantyzm (prąd literacki).
    • 2
    • Źródło terminu
    • kaba
    • 9
    • KHW
    • 128078
650 -Hasło przedmiotowe [ ,7]
    • a
    • Hasło przedmiotowe
    • Pisarze polscy
    • y
    • Określnik chronologiczny
    • 19 w.
    • 2
    • Źródło terminu
    • kaba
    • 9
    • KHW
    • 364135
655 -Hasło w funkcji tematu formalnego [ ,7]
    • a
    • Hasło
    • Literatura polska
    • y
    • Określnik chronologiczny
    • 19 w.
    • v
    • Określnik formy
    • antologie.
    • 2
    • Źródło terminu
    • kaba
    • 9
    • KHW
    • 359618
700 -Hasło dodatkowe - nazwa osobowa [1, ]
    • a
    • Nazwa osobowa (NP)
    • Janion, Maria Find
    • d
    • Daty biograficzne (NP)
    • (1926-2020).
    • e
    • Określenie rodzaju współpracy
    • Red.
    • 9
    • KHW
    • 20858
700 -Hasło dodatkowe - nazwa osobowa [1, ]
    • a
    • Nazwa osobowa (NP)
    • Dernałowicz, Maria Find
    • d
    • Daty biograficzne (NP)
    • (1928-2009).
    • e
    • Określenie rodzaju współpracy
    • Red.
    • 9
    • KHW
    • 21735
700 -Hasło dodatkowe - nazwa osobowa [1, ]
    • a
    • Nazwa osobowa (NP)
    • Zakrzewski, Bogdan Find
    • d
    • Daty biograficzne (NP)
    • (1916-2011).
    • e
    • Określenie rodzaju współpracy
    • Red.
    • 9
    • KHW
    • 48374
700 -Hasło dodatkowe - nazwa osobowa [1, ]
    • a
    • Nazwa osobowa (NP)
    • Wyka, Kazimierz Find
    • d
    • Daty biograficzne (NP)
    • (1910-1975).
    • e
    • Określenie rodzaju współpracy
    • Red.
    • 9
    • KHW
    • 13542
700 -Hasło dodatkowe - nazwa osobowa [1, ]
    • a
    • Nazwa osobowa (NP)
    • Markiewicz, Henryk Find
    • d
    • Daty biograficzne (NP)
    • (1922-2013).
    • e
    • Określenie rodzaju współpracy
    • Red.
    • 9
    • KHW
    • 69172
700 -Hasło dodatkowe - nazwa osobowa [1, ]
    • a
    • Nazwa osobowa (NP)
    • Wyczańska, Irena. Find
    • e
    • Określenie rodzaju współpracy
    • Red.
    • 9
    • KHW
    • 60440
710 -Hasło dodatkowe - nazwa ciała zbiorowego [2, ]
    • a
    • Nazwa ciała zbiorowego lub nazwa geograficzna jako pierwszy element (NP)
    • Wydawnictwo Literackie.
    • 4
    • Kod relacji
    • pbl
    • 9
    • KHW
    • 53605
Sygnatura Numer inwentarzowy Status udost. Lokalizacja Data inwentaryzacji
W.1295W.429532BG1997-01-01
W.1295W.43137-6BG1997-01-01
W.1295W.361952BG1997-01-01
W.1295W.361962BG1997-01-01
W.1295W.36197-5BG1997-01-01
W.1295W.36198-5BG1997-01-01
 W.36199-5BG1997-01-01
Z.542Z.148641BG1997-01-01
POL. Obraz literatury polskiej 01P.64921BM1997-01-01